[Event "Titled Tuesday intern op 16th Apr Early"]
[Site "Chess.com INT"]
[Date "2024.04.16"]
[Round "11"]
[White "Farhat Willemstein, Stela Souza"]
[Black "Kaminski, Victor Kazimierz"]
[Result "0-1"]
[WhiteElo "1855"]
[BlackElo "2247"]
[PlyCount "82"]
[EventDate "2024.04.16"]
[EventType "swiss (blitz)"]
[EventRounds "11"]
[EventCountry "USA"]
[SourceTitle "CB17_2024"]
[SourceDate "2024.04.24"]
[SourceVersion "1"]
[SourceVersionDate "2024.04.24"]
[SourceQuality "1"]

1. c4 e5 2. Nc3 Nf6 3. g3 c6 4. Bg2 d5 5. cxd5 cxd5 6. d3 Nc6 7. Nf3 Be7 8. 0-0 0-0 9. Bg5 Be6 10. Qd2 d4 11. Nd1 h6 12. Bxf6 Bxf6 13. a3 Rc8 14. b4 Ne7 15. Rc1 Qd7 16. Nb2 b5 17. Rxc8 Rxc8 18. Rc1 Nd5 19. Rxc8+ Qxc8 20. Nd1 Qa6 21. Qb2 Qa4 22. Qc1 Qb3 23. Nd2 Qa2 24. Qb2 Nc3 25. Qxa2 Bxa2 26. Nb2 Nxe2+ 27. Kf1 Nc3 28. Ne4 Nxe4 29. Bxe4 Bg5 30. Ke2 Bc1 31. Nd1 Bxa3 32. f4 exf4 33. gxf4 Bxb4 34. Bc6 a6 35. Bb7 a5 36. Bc6 Bd6 37. f5 b4 38. Ba4 Bd5 39. Nb2 Kf8 40. Nc4 Bc7 41. Bb3 Ke7 0-1

[Event "Titled Tuesday intern op 16th Apr Early"]
[Site "Chess.com INT"]
[Date "2024.04.16"]
[Round "9"]
[White "Kaminski, Victor Kazimierz"]
[Black "Diaz Herquinio, Brahian"]
[Result "0-1"]
[WhiteElo "2247"]
[BlackElo "2051"]
[PlyCount "102"]
[EventDate "2024.04.16"]
[EventType "swiss (blitz)"]
[EventRounds "11"]
[EventCountry "USA"]
[SourceTitle "CB17_2024"]
[SourceDate "2024.04.24"]
[SourceVersion "1"]
[SourceVersionDate "2024.04.24"]
[SourceQuality "1"]

1. d4 d5 2. Bf4 e6 3. Nf3 Nf6 4. e3 c5 5. c3 Nc6 6. Nbd2 Bd6 7. Bg3 0-0 8. Bd3 b6 9. e4 Be7 10. e5 Nh5 11. Ng5 Bxg5 12. Qxh5 g6 13. Qe2 cxd4 14. h4 Bh6 15. h5 dxc3 16. bxc3 Bg7 17. Nf3 Bb7 18. Bh4 Qc7 19. Bf6 Nb4 20. Rc1 a5 21. c4 Ba6 22. Bb1 Bxc4 23. Qe3 Rac8 24. Ng5 d4 25. Qe4 Bd3 26. Qf4 Qxc1+ 27. Qxc1 Rxc1+ 28. Kd2 Rxh1 29. Bxd3 Nxd3 30. Kxd3 Bxf6 31. exf6 Rxh5 32. Ne4 e5 33. g4 Rh1 34. g5 Ra1 35. Nd6 Rxa2 36. f3 Rd8 37. Nb7 Rb8 38. Nd6 b5 39. Ne4 b4 40. Nc5 b3 41. Nd7 Rc8 42. Nxe5 b2 43. Ke4 b1Q+ 44. Nd3 Ra3 45. Kf4 Qxd3 46. Ke5 Re8+ 47. Kd6 Qa6+ 48. Kd5 Qe6+ 49. Kxd4 Rd8+ 50. Kc5 Rc3+ 51. Kb5 Rb8+ 0-1

[Event "Titled Tuesday intern op 16th Apr Early"]
[Site "Chess.com INT"]
[Date "2024.04.16"]
[Round "6"]
[White "Kaminski, Victor Kazimierz"]
[Black "Tan, Ralph"]
[Result "0-1"]
[WhiteElo "2247"]
[BlackElo "2004"]
[PlyCount "88"]
[EventDate "2024.04.16"]
[EventType "swiss (blitz)"]
[EventRounds "11"]
[EventCountry "USA"]
[SourceTitle "CB17_2024"]
[SourceDate "2024.04.24"]
[SourceVersion "1"]
[SourceVersionDate "2024.04.24"]
[SourceQuality "1"]

1. d4 d5 2. Bf4 Nf6 3. Nf3 Bf5 4. c4 e6 5. Nc3 c5 6. e3 Nc6 7. cxd5 Nxd5 8. Nxd5 Qxd5 9. Qb3 Qxb3 10. axb3 cxd4 11. Nxd4 Bb4+ 12. Ke2 Nxd4+ 13. exd4 0-0 14. Rc1 Rfd8 15. Be3 Be4 16. f3 Bc6 17. Kf2 Rd7 18. Be2 Rad8 19. Rhd1 Ba5 20. Bg5 f6 21. Be3 Bb6 22. Bc4 Kf7 23. Re1 Bd5 24. Bb5 Rd6 25. Bf4 e5 26. Be3 exd4 27. Bf4 d3+ 28. Kg3 Re6 29. Rxe6 Bxe6 30. Bd2 Bxb3 31. Rc3 Bc2 32. Ra3 a6 33. Bc4+ Kg6 34. Bb3 Bc5 35. Bxc2 Bxa3 36. Bb1 Bxb2 37. Kf4 a5 38. Ke3 a4 39. Bxd3+ Kf7 40. Bc4+ Ke7 41. Bb4+ Kd7 42. Bb5+ Kc7 43. Bxa4 Rd4 44. Ba5+ b6 0-1

[Event "Titled Tuesday intern op 16th Apr Early"]
[Site "Chess.com INT"]
[Date "2024.04.16"]
[Round "8"]
[White "Rose, Felix"]
[Black "Kaminski, Victor Kazimierz"]
[Result "0-1"]
[WhiteElo "2091"]
[BlackElo "2247"]
[PlyCount "130"]
[EventDate "2024.04.16"]
[EventType "swiss (blitz)"]
[EventRounds "11"]
[EventCountry "USA"]
[SourceTitle "CB17_2024"]
[SourceDate "2024.04.24"]
[SourceVersion "1"]
[SourceVersionDate "2024.04.24"]
[SourceQuality "1"]

1. d4 d5 2. c4 e6 3. Nc3 c5 4. cxd5 exd5 5. Nf3 Nc6 6. g3 Nf6 7. Bg2 cxd4 8. Nxd4 Bc5 9. Be3 Qb6 10. Nxc6 Bxe3 11. fxe3 bxc6 12. Qd2 0-0 13. 0-0-0 Bf5 14. Qd4 Rab8 15. Qxb6 axb6 16. e4 Nxe4 17. Nxe4 Bxe4 18. Bxe4 dxe4 19. Rd6 Rbc8 20. Rhd1 f5 21. Rd7 Rf7 22. R7d6 g5 23. Rh6 f4 24. Re6 e3 25. h4 fxg3 26. hxg5 Rf5 27. Rxe3 Rxg5 28. Rg1 h5 29. Rexg3 Rxg3 30. Rxg3+ Kh7 31. e4 Re8 32. Re3 Kg6 33. Kd2 Kg5 34. Rg3+ Kf4 35. Rh3 Kg4 36. Re3 h4 37. e5 h3 38. e6 h2 39. Re4+ Kg3 40. Re3+ Kg4 41. Re4+ Kg5 42. Re5+ Kf4 43. Rh5 Kg3 44. Rg5+ Kf2 45. Rh5 Kg2 46. Rg5+ Kf1 47. Rh5 Kg1 48. Rg5+ Kf2 49. Rh5 Kg3 50. Rg5+ Kh4 51. Rg7 Rxe6 52. Rh7+ Kg3 53. a4 Rg6 54. b4 Kg2 55. Kc3 h1Q 56. Rxh1 Kxh1 57. a5 bxa5 58. bxa5 Rg5 59. Kb4 Rb5+ 60. Ka4 Rb8 61. a6 c5 62. Ka5 c4 63. a7 Ra8 64. Kb4 Rxa7 65. Kxc4 Rd7 0-1

[Event "Titled Tuesday intern op 16th Apr Early"]
[Site "Chess.com INT"]
[Date "2024.04.16"]
[Round "7"]
[White "Tarnowska, Aleksandra"]
[Black "Kaminski, Victor Kazimierz"]
[Result "1-0"]
[WhiteElo "1876"]
[BlackElo "2247"]
[PlyCount "103"]
[EventDate "2024.04.16"]
[EventType "swiss (blitz)"]
[EventRounds "11"]
[EventCountry "USA"]
[SourceTitle "CB17_2024"]
[SourceDate "2024.04.24"]
[SourceVersion "1"]
[SourceVersionDate "2024.04.24"]
[SourceQuality "1"]

1. e4 c5 2. Nf3 Nc6 3. Bb5 e6 4. 0-0 Nge7 5. c3 a6 6. Ba4 b5 7. Bc2 g6 8. d4 cxd4 9. Nxd4 Bg7 10. Be3 0-0 11. Nd2 Bb7 12. Re1 Qc7 13. N2b3 Rac8 14. Qd2 Ne5 15. Bf4 Nc4 16. Bxc7 Nxd2 17. Bd6 Nxb3 18. Nxb3 Rfe8 19. Rad1 Bf8 20. Nc5 Ba8 21. Nxd7 Red8 22. Nf6+ Kh8 23. Be5 Bg7 24. Ng4 h5 25. Bxg7+ Kxg7 26. Ne5 f6 27. Nf3 Nc6 28. h4 Na5 29. Nd4 Kf7 30. e5 f5 31. Bb3 Nxb3 32. Nxb3 Bd5 33. f3 Bc4 34. Kf2 Rxd1 35. Rxd1 Rc5 36. f4 Rc7 37. Rd6 Bxb3 38. axb3 Ra7 39. Rb6 Ke7 40. Ke3 Kd7 41. Rd6+ Kc7 42. Rxe6 a5 43. Re7+ Kb6 44. Rxa7 Kxa7 45. e6 Kb6 46. e7 a4 47. e8Q axb3 48. Qe6+ Ka5 49. Qxb3 b4 50. Qxb4+ Ka6 51. Kd4 Ka7 52. Kc5 1-0

[Event "Titled Tuesday intern op 26th Sep Early"]
[Site "Chess.com INT"]
[Date "2023.09.26"]
[Round "5"]
[White "Aswath, S."]
[Black "Kaminski, Victor Kazimierz"]
[Result "1-0"]
[WhiteElo "2335"]
[BlackElo "2247"]
[PlyCount "65"]
[EventDate "2023.09.26"]
[EventType "swiss (blitz)"]
[EventRounds "11"]
[EventCountry "USA"]
[SourceTitle "EXT 2024"]
[Source "ChessBase"]
[SourceDate "2023.10.10"]
[SourceVersion "1"]
[SourceVersionDate "2023.10.10"]
[SourceQuality "1"]

1. e4 c5 2. Nc3 Nc6 3. Bb5 Nd4 4. Nf3 Nxb5 5. Nxb5 a6 6. Nc3 e6 7. 0-0 Ne7 8. d4 cxd4 9. Qxd4 Nc6 10. Qe3 Be7 11. e5 0-0 12. Rd1 Qc7 13. Qe2 b6 14. Bf4 Bb7 15. Ne4 Nb4 16. c3 Nd5 17. Bg5 Bxg5 18. Nexg5 h6 19. Ne4 f5 20. Nd6 Nf4 21. Qe3 Ng6 22. Re1 b5 23. Rad1 Bd5 24. a3 Qc6 25. Nd4 Qc7 26. N4xf5 Bxg2 27. Qg3 exf5 28. Qxg6 Bh3 29. Rd3 Bg4 30. Rg3 Qc6 31. h3 h5 32. hxg4 hxg4 33. Qg5 1-0

[Event "Titled Tuesday intern op 26th Sep Early"]
[Site "Chess.com INT"]
[Date "2023.09.26"]
[Round "7"]
[White "Ezat, Mohamed Mahmoud"]
[Black "Kaminski, Victor Kazimierz"]
[Result "0-1"]
[WhiteElo "2382"]
[BlackElo "2247"]
[PlyCount "20"]
[EventDate "2023.09.26"]
[EventType "swiss (blitz)"]
[EventRounds "11"]
[EventCountry "USA"]
[SourceTitle "EXT 2024"]
[Source "ChessBase"]
[SourceDate "2023.10.10"]
[SourceVersion "1"]
[SourceVersionDate "2023.10.10"]
[SourceQuality "1"]

1. e4 c5 2. d4 cxd4 3. c3 dxc3 4. Bc4 Nc6 5. Nf3 e6 6. 0-0 Qc7 7. Qe2 Nf6 8. Nxc3 Ng4 9. h3 Nd4 10. Qd3 Nxf3+ 0-1

[Event "Titled Tuesday intern op 26th Sep Early"]
[Site "Chess.com INT"]
[Date "2023.09.26"]
[Round "6"]
[White "Kaminski, Victor Kazimierz"]
[Black "Zaichenko, Daria"]
[Result "1-0"]
[WhiteElo "2247"]
[BlackElo "2104"]
[PlyCount "61"]
[EventDate "2023.09.26"]
[EventType "swiss (blitz)"]
[EventRounds "11"]
[EventCountry "USA"]
[SourceTitle "EXT 2024"]
[Source "ChessBase"]
[SourceDate "2023.10.10"]
[SourceVersion "1"]
[SourceVersionDate "2023.10.10"]
[SourceQuality "1"]

1. e4 c5 2. Nf3 Nc6 3. d4 cxd4 4. Nxd4 Nf6 5. Nc3 d6 6. Qd3 Bd7 7. Bg5 a6 8. 0-0-0 e6 9. Qg3 Be7 10. Nxc6 bxc6 11. e5 dxe5 12. Qxe5 h6 13. Bh4 0-0 14. Bd3 Ng4 15. Bxe7 Qxe7 16. Qg3 Nf6 17. Rhe1 Rab8 18. Bc4 Qb4 19. Bb3 Nd5 20. Ne4 Kh8 21. Qd6 c5 22. Qxd7 c4 23. Nd6 cxb3 24. axb3 Qa5 25. Nxf7+ Kg8 26. Nxh6+ gxh6 27. Qxe6+ Rf7 28. Rxd5 Qa1+ 29. Kd2 Qxb2 30. Rd3 Qg7 31. Rg3 1-0

[Event "Titled Tuesday intern op 29th Aug Early"]
[Site "Chess.com INT"]
[Date "2023.08.29"]
[Round "9"]
[White "Kaminski, Victor Kazimierz"]
[Black "Dann, Matthias"]
[Result "1-0"]
[WhiteElo "2247"]
[BlackElo "2477"]
[PlyCount "113"]
[EventDate "2023.08.29"]
[EventType "swiss (blitz)"]
[EventRounds "11"]
[EventCountry "USA"]
[SourceTitle "EXT 2024"]
[Source "ChessBase"]
[SourceDate "2023.10.10"]
[SourceVersion "1"]
[SourceVersionDate "2023.10.10"]
[SourceQuality "1"]

1. d4 Nf6 2. Bf4 d5 3. Nf3 e6 4. e3 Bd6 5. Ne5 0-0 6. Nd2 c5 7. c3 c4 8. g4 Qc7 9. g5 Nfd7 10. Ndf3 Nxe5 11. Bxe5 Nc6 12. Bxd6 Qxd6 13. Rg1 b5 14. h4 b4 15. h5 bxc3 16. bxc3 e5 17. Nxe5 Nxe5 18. dxe5 Qxe5 19. Qd4 Qxd4 20. exd4 Rb8 21. h6 Bf5 22. Ke2 Rb2+ 23. Kf3 Be4+ 24. Kf4 Rxf2+ 25. Ke5 Rd8 26. Bh3 g6 27. Rgf1 Re8+ 28. Kd6 Rh2 29. Bd7 Rd8 30. Ke7 Rf8 31. Be6 Bf5 32. Bxf5 gxf5 33. Rxf5 Re2+ 34. Re5 Rxe5+ 35. dxe5 Rb8 36. Rd1 Rb5 37. Kf6 Rb6+ 38. Kf5 Rb5 39. Kf6 Rb6+ 40. Kf5 Rb5 41. e6 fxe6+ 42. Kxe6 d4 43. Rxd4 Rb6+ 44. Kf5 Rb5+ 45. Kf4 Ra5 46. Rxc4 Rxa2 47. Rc8+ Kf7 48. Rh8 Ra4+ 49. Kf3 Ra5 50. Rxh7+ Kg6 51. Rg7+ Kf5 52. h7 Ra3 53. h8Q Rxc3+ 54. Ke2 Rc2+ 55. Kd3 Rc6 56. Rf7+ Kg4 57. Qd4+ 1-0

[Event "Titled Tuesday intern op 29th Aug Early"]
[Site "Chess.com INT"]
[Date "2023.08.29"]
[Round "10"]
[White "Kaminski, Victor Kazimierz"]
[Black "Rosh, Jain"]
[Result "1-0"]
[WhiteElo "2247"]
[BlackElo "2248"]
[PlyCount "153"]
[EventDate "2023.08.29"]
[EventType "swiss (blitz)"]
[EventRounds "11"]
[EventCountry "USA"]
[SourceTitle "EXT 2024"]
[Source "ChessBase"]
[SourceDate "2023.10.10"]
[SourceVersion "1"]
[SourceVersionDate "2023.10.10"]
[SourceQuality "1"]

1. d4 Nf6 2. Bf4 d5 3. Nf3 e6 4. e3 Bd6 5. Nbd2 c5 6. c3 Qc7 7. Bxd6 Qxd6 8. Ne5 Nbd7 9. f4 cxd4 10. exd4 Ne4 11. Bb5 0-0 12. Bxd7 Bxd7 13. Nxe4 dxe4 14. 0-0 f6 15. Nc4 Qc7 16. Ne3 Bb5 17. c4 Ba6 18. Qb3 f5 19. g3 b6 20. Rfd1 Rfe8 21. d5 exd5 22. cxd5 Qd6 23. Nxf5 Qc5+ 24. Qe3 Qb4 25. Qd4 Qf8 26. Ne3 Bd3 27. Rac1 Rac8 28. Rc3 Rxc3 29. Qxc3 Rc8 30. Qd4 g6 31. Ng4 Qc5 32. Nf6+ Kf7 33. Qxc5 Rxc5 34. Nxh7 Rxd5 35. Ng5+ Kf6 36. Kf2 Rb5 37. Rd2 Ra5 38. a3 Ra4 39. Ke3 a5 40. h3 b5 41. Rd1 Rc4 42. Rd2 a4 43. g4 Ke7 44. Rf2 Kf6 45. Rh2 Kg7 46. h4 Kf6 47. h5 gxh5 48. gxh5 Rc1 49. Nxe4+ Bxe4 50. Kxe4 Re1+ 51. Kd4 Rf1 52. Kc5 Rxf4 53. h6 Rc4+ 54. Kxb5 Rc8 55. h7 Rh8 56. Kxa4 Ke6 57. b4 Kd6 58. Kb3 Kc7 59. Kc4 Kb7 60. Kd5 Ka8 61. Ke6 Ka7 62. Kf6 Ka6 63. Kg7 Rb8 64. h8Q Rb7+ 65. Kf6 Kb5 66. Qh5+ Ka4 67. Qa5+ Kb3 68. Qd5+ Ka4 69. Qxb7 Kb3 70. Qd5+ Ka4 71. b5 Ka5 72. b6+ Ka6 73. b7 Ka7 74. Rb2 Kb8 75. Qd8+ Ka7 76. b8Q+ Ka6 77. Qdb6# 1-0

[Event "Titled Tuesday intern op 29th Aug Early"]
[Site "Chess.com INT"]
[Date "2023.08.29"]
[Round "5"]
[White "Pinero Rodriguez, Carlos Jose"]
[Black "Kaminski, Victor Kazimierz"]
[Result "0-1"]
[WhiteElo "2246"]
[BlackElo "2247"]
[PlyCount "176"]
[EventDate "2023.08.29"]
[EventType "swiss (blitz)"]
[EventRounds "11"]
[EventCountry "USA"]
[SourceTitle "EXT 2024"]
[Source "ChessBase"]
[SourceDate "2023.10.10"]
[SourceVersion "1"]
[SourceVersionDate "2023.10.10"]
[SourceQuality "1"]

1. e4 e5 2. Nf3 Nc6 3. Bb5 a6 4. Ba4 Nf6 5. d3 b5 6. Bb3 Bc5 7. c3 d6 8. h3 h6 9. 0-0 0-0 10. a4 Rb8 11. axb5 axb5 12. Nbd2 b4 13. Re1 bxc3 14. bxc3 Be6 15. Bc4 Qd7 16. Bxe6 fxe6 17. Nc4 Rf7 18. d4 exd4 19. cxd4 Bb4 20. Re2 Rbf8 21. d5 exd5 22. exd5 Ne7 23. Ne3 Bc5 24. Ra5 Bb6 25. Ra3 Ne4 26. Qa4 Qxa4 27. Rxa4 Nc3 28. Rea2 Nxa4 29. Rxa4 Bxe3 30. Bxe3 Nxd5 31. Bd2 c5 32. Ra6 Rd7 33. Ne1 Rc8 34. Kf1 c4 35. Ke2 c3 36. Bc1 Re7+ 37. Kd1 Re6 38. Nd3 c2+ 39. Kd2 Nc3 40. Kxc2 Ne2+ 41. Kd2 Nxc1 42. Nxc1 Rf6 43. Nd3 Re8 44. f4 Rfe6 45. g4 Re2+ 46. Kc3 R2e3 47. Rxd6 Rc8+ 48. Kd4 Rxh3 49. Ne5 Rf8 50. Ke4 Rh1 51. Rd7 Re1+ 52. Kd5 Rd1+ 53. Ke4 Rxd7 54. Nxd7 Re8+ 55. Kf5 Re7 56. Ne5 Ra7 57. Kg6 Ra6+ 58. Kh5 Ra5 59. Kg6 Ra1 60. f5 Rg1 61. Kh5 Rh1+ 62. Kg6 Rg1 63. Kh5 Kh7 64. Kh4 Rh1+ 65. Kg3 Rg1+ 66. Kf2 Ra1 67. Ng6 Ra4 68. Kf3 Ra3+ 69. Kf4 Ra4+ 70. Kg3 Kg8 71. Ne5 Ra5 72. Kf4 Kf8 73. Ke4 Ra4+ 74. Kf3 Ke7 75. Kg3 Kf6 76. Nf3 h5 77. gxh5 Kxf5 78. Kh3 Ra3 79. Kg3 Rc3 80. Kf2 Kf4 81. Nh4 Rc2+ 82. Ke1 Rh2 83. Ng6+ Kg5 84. Ne7 Rxh5 85. Nd5 Kf5 86. Ne3+ Ke4 87. Ng2 Kf3 88. Kf1 Rh1# 0-1

[Event "Titled Tuesday intern op 22nd Aug Early"]
[Site "Chess.com INT"]
[Date "2023.08.22"]
[Round "6"]
[White "Kaminski, Victor Kazimierz"]
[Black "Gulamirian, Korun"]
[Result "1-0"]
[WhiteElo "2247"]
[BlackElo "1816"]
[PlyCount "69"]
[EventDate "2023.08.22"]
[EventType "swiss (blitz)"]
[EventRounds "11"]
[EventCountry "USA"]
[SourceTitle "EXT 2024"]
[Source "ChessBase"]
[SourceDate "2023.10.10"]
[SourceVersion "1"]
[SourceVersionDate "2023.10.10"]
[SourceQuality "1"]

1. e4 c5 2. Nf3 d6 3. d4 cxd4 4. Nxd4 Nf6 5. Nc3 a6 6. h4 e6 7. g4 d5 8. e5 Nfd7 9. f4 Nc6 10. Be3 Qc7 11. Qd2 Bb4 12. a3 Be7 13. h5 h6 14. 0-0-0 Nxd4 15. Bxd4 b5 16. Bg2 Bb7 17. f5 Bg5 18. Be3 d4 19. Bxg5 dxc3 20. Qxd7+ Qxd7 21. Rxd7 cxb2+ 22. Kxb2 Bxg2 23. Re7+ Kf8 24. Rd1 Bd5 25. Bh4 a5 26. Rf1 Kg8 27. f6 gxf6 28. Bxf6 Rh7 29. Rg1 Kf8 30. g5 hxg5 31. Rxg5 b4 32. Rc7 bxa3+ 33. Kxa3 a4 34. Be7+ Ke8 35. Rg8# 1-0

[Event "Titled Tuesday intern op 22nd Aug Early"]
[Site "Chess.com INT"]
[Date "2023.08.22"]
[Round "9"]
[White "Kaminski, Victor Kazimierz"]
[Black "Mrudul, Dehankar"]
[Result "1-0"]
[WhiteElo "2247"]
[BlackElo "2059"]
[PlyCount "73"]
[EventDate "2023.08.22"]
[EventType "swiss (blitz)"]
[EventRounds "11"]
[EventCountry "USA"]
[SourceTitle "EXT 2024"]
[Source "ChessBase"]
[SourceDate "2023.10.10"]
[SourceVersion "1"]
[SourceVersionDate "2023.10.10"]
[SourceQuality "1"]

1. e4 c6 2. Nf3 d5 3. d3 dxe4 4. dxe4 Qxd1+ 5. Kxd1 g6 6. Bc4 Nd7 7. e5 Nb6 8. Bb3 Bg4 9. Nbd2 Bg7 10. h3 Bd7 11. Re1 e6 12. Ne4 0-0-0 13. Nd6+ Kb8 14. Nxf7 Rf8 15. Nxh8 Bxh8 16. Be3 Nd5 17. Bc5 Rf4 18. Bd6+ Kc8 19. Ke2 Nh6 20. c4 Nb6 21. c5 Nd5 22. Rad1 Nf7 23. Kf1 g5 24. Rd4 h5 25. Bxd5 Rxd4 26. Nxd4 cxd5 27. Kg1 b6 28. b4 Kb7 29. g3 a5 30. a3 Nxd6 31. cxd6 Bc8 32. f4 gxf4 33. gxf4 Bg7 34. Kf2 Bh6 35. Kf3 Bd7 36. f5 exf5 37. e6 1-0

[Event "Titled Tuesday intern op 22nd Aug Early"]
[Site "Chess.com INT"]
[Date "2023.08.22"]
[Round "10"]
[White "Khalikov, Bulat"]
[Black "Kaminski, Victor Kazimierz"]
[Result "1-0"]
[WhiteElo "2171"]
[BlackElo "2247"]
[PlyCount "75"]
[EventDate "2023.08.22"]
[EventType "swiss (blitz)"]
[EventRounds "11"]
[EventCountry "USA"]
[SourceTitle "EXT 2024"]
[Source "ChessBase"]
[SourceDate "2023.10.10"]
[SourceVersion "1"]
[SourceVersionDate "2023.10.10"]
[SourceQuality "1"]

1. e4 e5 2. Nf3 Nc6 3. d4 exd4 4. Nxd4 Nf6 5. Nxc6 bxc6 6. e5 Qe7 7. Qe2 Nd5 8. c4 Nb6 9. Nc3 a5 10. Qe4 Ba6 11. Be3 Qb4 12. 0-0-0 Bxc4 13. Bxb6 Bxf1 14. Qf5 0-0-0 15. Bxc7 Kxc7 16. Rhxf1 Qc4 17. Qe4 Qxe4 18. Nxe4 Be7 19. Rd3 Rb8 20. Rfd1 Rhd8 21. Rf3 Rf8 22. Rg3 g6 23. Rgd3 Rfd8 24. a3 Rb5 25. f4 h5 26. g3 Rb7 27. Kc2 Rb5 28. Nc3 Rc5 29. Rd4 f6 30. Re4 fxe5 31. fxe5 Rf8 32. b4 axb4 33. axb4 Rxc3+ 34. Kxc3 Rf3+ 35. Rd3 Rf2 36. Red4 d5 37. exd6+ Bxd6 38. Rxd6 1-0

[Event "Titled Tuesday intern op 15th Aug Early"]
[Site "Chess.com INT"]
[Date "2023.08.15"]
[Round "9"]
[White "Kaminski, Victor Kazimierz"]
[Black "Vila Dupla, Aurelio"]
[Result "0-1"]
[WhiteElo "2247"]
[BlackElo "2030"]
[PlyCount "122"]
[EventDate "2023.08.15"]
[EventType "swiss (blitz)"]
[EventRounds "11"]
[EventCountry "USA"]
[SourceTitle "EXT 2024"]
[Source "ChessBase"]
[SourceDate "2023.10.10"]
[SourceVersion "1"]
[SourceVersionDate "2023.10.10"]
[SourceQuality "1"]

1. e4 c5 2. Nf3 d6 3. d4 cxd4 4. Nxd4 Nf6 5. Nc3 g6 6. f4 Nc6 7. Be2 Bg7 8. Be3 0-0 9. 0-0 Qb6 10. Qd2 Nxe4 11. Nxe4 Bxd4 12. Bxd4 Qxd4+ 13. Qxd4 Nxd4 14. Bd3 Bf5 15. c3 Nc6 16. Rae1 e6 17. Re3 Bxe4 18. Bxe4 d5 19. Bf3 Rad8 20. Rd1 Na5 21. Be2 Rc8 22. Rd4 Nc6 23. Rd2 Rfd8 24. Kf2 Na5 25. Rd4 Nc4 26. Bxc4 Rxc4 27. Ree4 Rxd4 28. Rxd4 Rc8 29. Ke3 Kf8 30. a4 Ke7 31. Rb4 Rc7 32. g4 f6 33. Kd4 Kd6 34. b3 e5+ 35. fxe5+ fxe5+ 36. Kd3 Rf7 37. Ke3 b6 38. a5 Rb7 39. a6 Rf7 40. Rb5 Rf1 41. c4 d4+ 42. Ke2 Ra1 43. c5+ bxc5 44. Rb7 Rxa6 45. Rxh7 Ra2+ 46. Kd3 Ra3 47. Kc4 e4 48. Rg7 e3 49. Rxg6+ Ke5 50. Rg5+ Kf4 51. Rxc5 e2 52. Rf5+ Kxg4 53. Re5 Kf3 54. Kxd4 Rxb3 55. Rf5+ Kg4 56. Re5 Rb2 57. Kd3 Kf3 58. Re3+ Kf2 59. Re6 e1Q 60. Rxe1 Kxe1 61. h4 Rh2 0-1

[Event "Titled Tuesday intern op 15th Aug Early"]
[Site "Chess.com INT"]
[Date "2023.08.15"]
[Round "7"]
[White "Liu, Casper Yukun"]
[Black "Kaminski, Victor Kazimierz"]
[Result "1-0"]
[WhiteElo "2278"]
[BlackElo "2247"]
[PlyCount "61"]
[EventDate "2023.08.15"]
[EventType "swiss (blitz)"]
[EventRounds "11"]
[EventCountry "USA"]
[SourceTitle "EXT 2024"]
[Source "ChessBase"]
[SourceDate "2023.10.10"]
[SourceVersion "1"]
[SourceVersionDate "2023.10.10"]
[SourceQuality "1"]

1. e4 e5 2. d4 exd4 3. Qxd4 Nc6 4. Qe3 Nf6 5. Nc3 b6 6. Bd2 Bc5 7. Qg3 0-0 8. 0-0-0 d5 9. exd5 Nb4 10. Bc4 b5 11. Bxb5 Nbxd5 12. Nxd5 Nxd5 13. Bc6 Rb8 14. Bc3 Nxc3 15. Rxd8 Nxa2+ 16. Kb1 Rxd8 17. Kxa2 Be6+ 18. b3 Rd2 19. Be4 Bxb3+ 20. Qxb3 Rxb3 21. Kxb3 Rxf2 22. Kc3 Rf1 23. h4 Rxg1 24. Rh3 Rf1 25. Rd3 Bd6 26. Kc4 Rf6 27. Kb5 Re6 28. Bd5 Re5 29. Ka6 Re1 30. Kxa7 Rc1 31. Bb3 1-0

[Event "Titled Tuesday intern op 08th Aug Early"]
[Site "Chess.com INT"]
[Date "2023.08.08"]
[Round "5"]
[White "Rozhkov, Viacheslav"]
[Black "Kaminski, Victor Kazimierz"]
[Result "1-0"]
[WhiteElo "2145"]
[BlackElo "2247"]
[PlyCount "63"]
[EventDate "2023.08.08"]
[EventType "swiss (blitz)"]
[EventRounds "11"]
[EventCountry "USA"]
[SourceTitle "EXT 2024"]
[Source "ChessBase"]
[SourceDate "2023.10.10"]
[SourceVersion "1"]
[SourceVersionDate "2023.10.10"]
[SourceQuality "1"]

1. e4 e5 2. Nf3 Nc6 3. d4 exd4 4. Bc4 Nf6 5. e5 Ne4 6. Qe2 Nc5 7. c3 d3 8. Bxd3 Nxd3+ 9. Qxd3 d5 10. 0-0 Be7 11. Nbd2 0-0 12. Nb3 h6 13. Nbd4 Nxd4 14. cxd4 Be6 15. Be3 c6 16. Nd2 a5 17. f4 f5 18. exf6 Bxf6 19. Nf3 Qb6 20. Ne5 Qa6 21. Qd2 Bf5 22. h3 Rfe8 23. g4 Be4 24. Qf2 Re7 25. Rae1 Rf8 26. Qg3 Bxe5 27. fxe5 Ree8 28. g5 hxg5 29. Bxg5 Rxf1+ 30. Rxf1 Qe2 31. Bf6 Re7 32. Bxe7 1-0

[Event "Titled Tuesday intern op 01st Aug Early"]
[Site "Chess.com INT"]
[Date "2023.08.01"]
[Round "4"]
[White "Kaminski, Victor Kazimierz"]
[Black "Ljukin, Sergei"]
[Result "0-1"]
[WhiteElo "2247"]
[BlackElo "2362"]
[PlyCount "88"]
[EventDate "2023.08.01"]
[EventType "swiss (blitz)"]
[EventRounds "11"]
[EventCountry "USA"]
[SourceTitle "EXT 2024"]
[Source "ChessBase"]
[SourceDate "2023.10.10"]
[SourceVersion "1"]
[SourceVersionDate "2023.10.10"]
[SourceQuality "1"]

1. e4 e6 2. d4 d5 3. Nc3 Bb4 4. e5 Ne7 5. Bd2 b6 6. Nf3 0-0 7. Ne2 Bxd2+ 8. Qxd2 c5 9. c3 Ba6 10. h4 Nbc6 11. h5 h6 12. Ng3 Bxf1 13. Kxf1 f6 14. exf6 Rxf6 15. Re1 Qd7 16. Rh4 Raf8 17. Rg4 Kh8 18. Kg1 R6f7 19. Qe3 e5 20. Nh2 cxd4 21. cxd4 exd4 22. Qe6 Qxe6 23. Rxe6 Rxf2 24. Nf3 Rxb2 25. Nxd4 Rb4 26. Kh2 Rxd4 27. Rxd4 Nxd4 28. Rxe7 Nc6 29. Rc7 Rf6 30. Rd7 d4 31. Ne4 Re6 32. Nd6 Kg8 33. Nf5 Re5 34. Rxg7+ Kf8 35. Rc7 Rxf5 36. Rxc6 Rd5 37. Kg3 d3 38. Rc1 d2 39. Rd1 Kg7 40. Kf4 Kf6 41. g4 Rd4+ 42. Ke3 Rd8 43. Rxd2 Rxd2 44. Kxd2 Kg5 0-1

[Event "Titled Tuesday intern op 01st Aug Early"]
[Site "Chess.com INT"]
[Date "2023.08.01"]
[Round "2"]
[White "Kaminski, Victor Kazimierz"]
[Black "Skliarov, Viktor"]
[Result "0-1"]
[WhiteElo "2247"]
[BlackElo "2383"]
[PlyCount "50"]
[EventDate "2023.08.01"]
[EventType "swiss (blitz)"]
[EventRounds "11"]
[EventCountry "USA"]
[SourceTitle "EXT 2024"]
[Source "ChessBase"]
[SourceDate "2023.10.10"]
[SourceVersion "1"]
[SourceVersionDate "2023.10.10"]
[SourceQuality "1"]

1. e4 c5 2. Nf3 Nc6 3. Bb5 e6 4. 0-0 Nge7 5. d4 cxd4 6. Nxd4 a6 7. Nxc6 Nxc6 8. Bd3 d5 9. exd5 Qxd5 10. Nc3 Qa5 11. Bd2 Be7 12. Ne4 Qc7 13. Qh5 Nb4 14. Bxb4 Bxb4 15. Bb5+ axb5 16. Qxb5+ Qc6 17. Qxb4 Ra4 18. Nd6+ Kd7 19. Qb5 Kxd6 20. Qg5 Kc7 21. Qxg7 Rd8 22. Rad1 Rxd1 23. Rxd1 Qxc2 24. Qxf7+ Kb8 25. Re1 Re4 0-1